Statistics for Number Pyramid Puzzle - Multiplication

Click here to take the quiz!

General Stats

  • This quiz has been taken 249 times
    (246 since last reset)
  • The average score is 9 of 10

Answer Stats

BrickAnswer% Correct
1A3
100%
1B4
99%
2A12
98%
1C4
98%
1D5
98%
2B16
97%
2C20
97%
3B320
89%
3A192
88%
4A61440
59%

Score Distribution

Percentile by Number Answered

Percent of People with Each Score

Your Score History

You have not taken this quiz since the last reset